Chromosomes today / (Record no. 12843)
[ view plain ]
| 000 -LEADER | |
|---|---|
| fixed length control field | 00875nas a2200313 a 4500 |
| 001 - CONTROL NUMBER | |
| control field | 12843 |
| 003 - CONTROL NUMBER IDENTIFIER | |
| rucl marc code | BD-RjUL |
| 005 - DATE AND TIME OF LATEST TRANSACTION | |
| control field | 20211208235350.0 |
| 008 - FIXED-LENGTH DATA ELEMENTS--GENERAL INFORMATION | |
| fixed length control field | 161210s1966 enka b 001 0 eng |
| 035 ## - SYSTEM CONTROL NUMBER | |
| System control number | (BD-RjUL)12893 |
| 040 ## - CATALOGING SOURCE | |
| Original cataloging agency | DLC |
| Transcribing agency | DLC |
| Modifying agency | OCoLC |
| -- | BD-RjUL |
| Language of cataloging | eng |
| 041 ## - LANGUAGE CODE | |
| Language code of text/sound track or separate title | eng |
| 060 0# - NATIONAL LIBRARY OF MEDICINE CALL NUMBER | |
| Classification number | W3 C156M |
| 070 0# - NATIONAL AGRICULTURAL LIBRARY CALL NUMBER | |
| Classification number | QH605.O9 |
| 072 #0 - SUBJECT CATEGORY CODE | |
| Subject category code | X300 |
| Subject category code | L200 |
| 082 #4 - DEWEY DECIMAL CLASSIFICATION NUMBER | |
| Classification number | 572.87 |
| Author mark and year | CHR 1966 |
| Edition number | 23 |
| 245 10 - TITLE STATEMENT | |
| Title | Chromosomes today / |
| Remainder of title | edited by C. D. Darlington and K. R. Lewis. |
| Number of part/section of a work | Volume I |
| 260 ## - PUBLICATION, DISTRIBUTION, ETC. (IMPRINT) | |
| Place of publication, distribution, etc. | London : |
| Name of publisher, distributor, etc. | Oliver & Boyd, |
| Date of publication, distribution, etc. | 1966. |
| 300 ## - PHYSICAL DESCRIPTION | |
| Pagination | v. : |
| Illustrations | ill. ; |
| Size | 26 cm. |
| 504 ## - BIBLIOGRAPHY, ETC. NOTE | |
| Bibliography, etc | Includes bibliographical references and index. |
| 505 ## - FORMATTED CONTENTS NOTE | |
| Formatted contents note | V.1 -- |
| 650 #0 - SUBJECT ADDED ENTRY--TOPICAL TERM | |
| Topical term or geographic name as entry element | Chromosomes |
| 9 (RLIN) | 40025 |
| Topical term or geographic name as entry element | Chromosomes |
| 9 (RLIN) | 40026 |
| 700 ## - ADDED ENTRY--PERSONAL NAME | |
| Personal name | Darlington, C. D., ed. |
| Personal name | Lewis, K. R., ed. |
| 942 ## - ADDED ENTRY ELEMENTS (KOHA) | |
| Source of classification or shelving scheme | Dewey Decimal Classification |
| Koha item type | Books |
| Lost status | Source of classification or shelving scheme | Damaged status | Not for loan | Collection code | Permanent Location | Current Location | Shelving location | Date acquired | Source of acquisition | Cost, normal purchase price | Total Checkouts | Full call number | Date last seen | Copy number | Koha item type |
|---|---|---|---|---|---|---|---|---|---|---|---|---|---|---|---|
| Dewey Decimal Classification | Non-fiction | Central Library, University of Rajshahi | Central Library, University of Rajshahi | 04/09/1968 | Book Center | 46.25 | 572.87 CHR 1966 | 29/01/2014 | C-2 | Books |